[Event "2006 Standard Chess Dropout Tournament, Round 1"]
[Site "SchemingMind.com"]
[Date "2005.11.21"]
[Round "1"]
[White "capablanca"]
[Black "benchbrunellnow"]
[Result "0-1"]
[WhiteCountry "GER"]
[BlackCountry "USA"]
[WhiteElo "1616"]
[WhiteRD "61"]
[BlackElo "1518"]
[BlackRD "55"]
[GameID "30944"]

1. e4 e5 2. Nf3 Nc6 3. Bb5 Qf6 4. O-O Bc5 5. d3 h6 6. Nc3 Nge7 7. Be3 Bb6 8. Bxb6 axb6 9. a3 O-O 10. Qd2 d6
11. Nd5 Nxd5 12. exd5 Ne7 13. Bc4 c6 14. dxc6 bxc6 15. c3 d5 16. Bb3 Ba6 17. Rfe1 e4 18. dxe4 dxe4 19. Rxe4 Ng6 20. Rae1 Rad8
21. Qc1 c5 22. Ba4 b5 23. Bc2 Bb7 24. R4e3 Nf4 25. Be4 Bc8 26. Nd2 Qg5 27. Rg3 Nh3+ 28. gxh3 Qxd2 29. Qxd2 Rxd2 30. b4 cxb4
31. axb4 Rd6 32. Bd3 Rd5 33. Ra1 Rfd8 34. Be4 Re5 35. Bg2 Be6 36. Re3 Rf5 37. Ra8 Rxa8 38. Bxa8 Rg5+ 39. Rg3 Rh5 40. Kg2 f5
41. f4 Rh4 42. Rf3 Kf7 43. Kg3 g5 44. Bc6 Rh5 45. Bxb5 g4 46. hxg4 fxg4 47. f5 gxf3 48. fxe6+ Kxe6 49. Bc4+ Ke5 50. Kxf3 Rxh2
51. Bd3 Rh5 52. b5 Rg5 53. b6= Rg8 54. b7 Kd6 55. Kf4 Kc7 56. Be4 h5 57. Bd5 Rg7 58. c4 h4 59. Kf3 h3 60. Kf2 h2
61. Bh1 Rg1
0-1

[Event "2006 Standard Chess Dropout Tournament, Round 1"]
[Site "SchemingMind.com"]
[Date "2005.11.21"]
[Round "1"]
[White "Chess Tiger"]
[Black "capablanca"]
[Result "1-0"]
[WhiteCountry "GER"]
[BlackCountry "GER"]
[WhiteElo "2190"]
[WhiteRD "77"]
[BlackElo "1616"]
[BlackRD "61"]
[GameID "30945"]

1. e4 e5 2. Nf3 Nc6 3. Bb5 a6 4. Ba4 Nf6 5. d3 b5 6. Bb3 Be7 7. O-O O-O 8. Re1 d6 9. c3 Bb7 10. a4 Na5
11. Ba2 c5 12. Na3 Bc6 13. axb5 axb5 14. Nc2 Qb6 15. b4 cxb4 16. cxb4 Nb7 17. Ne3 Ra6 18. Nf5 Qc7 19. Bxf7+
1-0

[Event "2006 Standard Chess Dropout Tournament, Round 1"]
[Site "SchemingMind.com"]
[Date "2005.11.21"]
[Round "1"]
[White "chesstsar"]
[Black "alevin"]
[Result "0-1"]
[WhiteCountry "MAS"]
[BlackCountry "USA"]
[WhiteElo "1578"]
[WhiteRD "122"]
[BlackElo "1523"]
[BlackRD "130"]
[GameID "30946"]

1. e4 e5 2. Nf3 Nc6 3. Bb5 Nf6 4. O-O Nxe4 5. Re1 Nd6 6. Nxe5 Be7 7. Ba4 Nxe5 8. Rxe5 O-O 9. d4 Nc4 10. Re1 d5
11. Qf3 Be6 12. c3 b6 13. Bc2 c5 14. b3 Nd6 15. Qh5 g6 16. Qf3 Bf6 17. Be3 Nf5 18. Bxf5 Bxf5 19. dxc5 Bxb1
0-1

[Event "2006 Standard Chess Dropout Tournament, Round 1"]
[Site "SchemingMind.com"]
[Date "2005.11.21"]
[Round "1"]
[White "cleverman"]
[Black "boojiboy"]
[Result "0-1"]
[WhiteCountry "USA"]
[BlackCountry "USA"]
[WhiteElo "1588"]
[WhiteRD "72"]
[BlackElo "1683"]
[BlackRD "79"]
[GameID "30948"]

1. e4 e5 2. Nf3 Nc6 3. Bb5 a6 4. Ba4 Nf6 5. O-O Be7 6. Re1 b5 7. Bb3 O-O 8. c3 d6 9. h3 Bb7 10. d4 Nd7
11. Be3 Re8 12. Nbd2 Nf6 13. Ng5 Rf8 14. Qc2 Na5 15. f4 Nxb3 16. axb3 exf4 17. Bxf4 Nh5 18. Be3 Bxg5 19. Nf3 Bxe3+ 20. Rxe3 h6
21. Rae1 Nf4 22. Qf2 Ng6 23. Nd2 Qh4 24. Qxh4 Nxh4 25. Nf3 Nxf3+ 26. Rxf3 Rae8 27. Rfe3 Re7 28. Kf2 Rfe8 29. d5 c6 30. c4 c5
31. g4 b4 32. Kg3 g5 33. h4 Kg7 34. h5 Ra8 35. Kf3 f6 36. R1e2 Bc8 37. Kg3 Bd7 38. Rf2 Rf7 39. Ref3 Raf8 40. Kh3 a5
41. Kg3 Ra8 42. Kh3 a4 43. bxa4 Rxa4 44. b3 Ra3 45. Kg3 Bc8 46. Kg2 Bxg4 47. Rg3 Bxh5 48. Kh2 Bg6 49. Re3 h5 50. Kg3 Ra1
51. Kg2 Rfa7 52. Ree2 R7a3 53. Rf3 R1a2 54. Rxa2 Rxa2+ 55. Kg3 Bxe4 56. Re3 f5 57. Kh3 Kf6 58. Kg3 Rg2+ 59. Kh3 g4+ 60. Kh4 Rh2+
61. Kg3 Rh3+ 62. Kf2 Rxe3 63. Kxe3 Ke5 64. Kd2 h4 65. Ke2 g3 66. Kf1 h3 67. Kg1 h2+
0-1

[Event "2006 Standard Chess Dropout Tournament, Round 1"]
[Site "SchemingMind.com"]
[Date "2005.11.26"]
[Round "1"]
[White "cnbcad"]
[Black "Grazic66"]
[Result "1-0"]
[WhiteCountry "USA"]
[BlackCountry "ITA"]
[WhiteElo "1448"]
[WhiteRD "55"]
[BlackElo "1783"]
[BlackRD "95"]
[GameID "30949"]

1. e4 e5 2. Nf3 Nf6 3. Bc4 Nxe4 4. Nxe5 Nd6 5. Qf3 Qe7 6. d4 Nxc4 7. O-O Nxe5 8. dxe5 Nc6 9. Nc3 Nxe5 10. Qg3 Qf6
11. Nd5 Qd6 12. Rd1 c6 13. Nc3 Qf6 14. Ne4 Qe6 15. Qf4 d5 16. Ng5 Qf5 17. Qa4 Be7 18. f4 h6 19. Nh3 Ng6 20. Re1 O-O
21. b3 Qxc2 22. Nf2 Bc5 23. Rf1 Bxf2+ 24. Rxf2 Qd1+ 25. Rf1 Qd4+ 26. Qxd4
1-0

[Event "2006 Standard Chess Dropout Tournament, Round 1"]
[Site "SchemingMind.com"]
[Date "2005.11.21"]
[Round "1"]
[White "CuriousShadow"]
[Black "IvanXXIII"]
[Result "1-0"]
[WhiteCountry "USA"]
[BlackCountry "CRO"]
[WhiteElo "1946"]
[WhiteRD "199"]
[BlackElo "1557"]
[BlackRD "75"]
[GameID "30952"]

1. e4 e5 2. Nf3 Nc6 3. d4 exd4 4. Nxd4 Nf6 5. Nxc6 bxc6 6. Bd3 d5 7. Qe2 Be7 8. O-O O-O 9. Bf4 Rb8 10. Nd2 Re8
11. e5 Bf8 12. Nb3 Nd7 13. Bg3 c5 14. c4 Nb6 15. cxd5 Nxd5 16. Rfd1 Bb7 17. Rac1 g6 18. Nxc5 Bxc5 19. Rxc5 c6 20. Rcc1
1-0

[Event "2006 Standard Chess Dropout Tournament, Round 1"]
[Site "SchemingMind.com"]
[Date "2005.11.21"]
[Round "1"]
[White "CWM"]
[Black "jdcald13"]
[Result "1-0"]
[WhiteCountry "CAN"]
[BlackCountry "USA"]
[WhiteElo "1812"]
[WhiteRD "76"]
[BlackElo "1738"]
[BlackRD "96"]
[GameID "30953"]

1. e4 c6 2. d4 d5 3. e5 Bf5 4. Nc3 e6 5. g4 Bg6 6. Nge2 Bb4 7. Be3 Ne7 8. h4 c5 9. h5 Be4 10. Rh3 cxd4
11. Bxd4 Nbc6 12. f3 Nxd4 13. Nxd4 Bxc3+ 14. bxc3 Qc7 15. fxe4 Qxe5 16. Bb5+ Kf8 17. Qe2 dxe4 18. O-O-O a6 19. Bd3 Qg5+ 20. Kb2 exd3
21. Rhxd3 e5 22. Nf3
1-0

[Event "2006 Standard Chess Dropout Tournament, Round 1"]
[Site "SchemingMind.com"]
[Date "2005.11.21"]
[Round "1"]
[White "dadshane2000"]
[Black "e_castle3"]
[Result "1-0"]
[WhiteCountry "USA"]
[BlackCountry "PHI"]
[WhiteElo "1854"]
[WhiteRD "82"]
[BlackElo "1690"]
[BlackRD "73"]
[GameID "30954"]

1. e4 c5 2. Nf3 Nc6 3. Bb5 a6 4. Bxc6 bxc6 5. O-O g6 6. d4 Nf6 7. dxc5 Nxe4 8. Re1 Nf6 9. Bf4 Bg7 10. c3 O-O
11. Nbd2 Nh5 12. Be5 Bh6 13. Nc4 f6 14. Bd4 d6 15. cxd6 exd6 16. Bb6 Qd7 17. Ba5 Rb8 18. Nd4 d5 19. Nb6 Qd6 20. Nxc8 Rfxc8
21. Re6 Qd7 22. b4 Bg7 23. Qf3 f5 24. Rae1 Bf8 25. Nxf5 Re8 26. Nd4 Rbc8 27. Qe3 Kf7 28. Rxe8 Rxe8 29. Qxe8+ Qxe8 30. Rxe8 Kxe8
31. Nxc6 Bg7 32. Nd4 Kd7 33. Bb6 Nf4 34. g3 Bxd4 35. cxd4 Nd3 36. Bc5 Kc6 37. Kg2 Kb5 38. Kf3 Nxb4 39. Bxb4 Kxb4 40. Kf4 Kc4
41. Ke5 a5 42. f4 a4 43. g4 a3 44. f5
1-0

[Event "2006 Standard Chess Dropout Tournament, Round 1"]
[Site "SchemingMind.com"]
[Date "2005.11.21"]
[Round "1"]
[White "damien22"]
[Black "Harold"]
[Result "0-1"]
[WhiteCountry "FRA"]
[BlackCountry "GBR"]
[WhiteElo "1264"]
[WhiteRD "110"]
[BlackElo "1536"]
[BlackRD "92"]
[GameID "30955"]

1. e4 e5 2. Nc3 Nf6 3. Nf3 Nc6 4. Bc4 Be7 5. Ng5 O-O 6. O-O d6 7. d3 Na5 8. Be3 Ng4 9. f3 Nxe3 10. Bxf7+ Rxf7
11. Nxf7 Kxf7 12. Qe2 Nxf1 13. Qxf1 Be6 14. f4 Kg8 15. f5 Bf7 16. a3 d5 17. exd5 Bxd5 18. Nxd5 Qxd5 19. b4 Nc6 20. c4 Qd4+
21. Kh1 Rf8 22. b5 Na5 23. Re1 Bxa3 24. Ra1 Qb2 25. g4 Nb3 26. Re1 Bc5 27. Rb1 Qc2 28. g5 Nd2 29. Qc1 Qxc1+ 30. Rxc1 Rxf5
31. Rg1 Bxg1 32. Kxg1 Rxg5+ 33. Kf2 a5 34. Ke3 Nf1+ 35. Ke4 Nxh2 36. d4 exd4 37. Kxd4 Rg3 38. Kd5 a4 39. Ke6 a3 40. Kd7 Rc3
41. Kxc7 Rxc4+ 42. Kxb7 a2 43. b6 a1=Q 44. Kb8 Qe5+ 45. Ka7 Qb5 46. b7 Rb4 47. b8=Q+ Qxb8+ 48. Ka6 Ra4#
0-1

[Event "2006 Standard Chess Dropout Tournament, Round 1"]
[Site "SchemingMind.com"]
[Date "2005.11.21"]
[Round "1"]
[White "Danzino"]
[Black "harsh"]
[Result "0-1"]
[WhiteCountry "GBR"]
[BlackCountry "IND"]
[WhiteElo "1855"]
[WhiteRD "95"]
[BlackElo "1980"]
[BlackRD "89"]
[GameID "30957"]

1. e4 c5 2. Nf3 e6 3. d4 cxd4 4. Nxd4 Nf6 5. Nc3 Nc6 6. Ndb5 Bb4 7. a3 Bxc3+ 8. Nxc3 d5 9. exd5 Nxd5 10. Nxd5 exd5
11. Bd3 Qe7+ 12. Qe2 Qxe2+ 13. Kxe2 Bf5 14. Bxf5 Nd4+ 15. Kd3 Nxf5 16. Re1+ Kd7 17. Re5 Ne7 18. Bd2 f6 19. Re3 Nf5 20. Re2 Rhe8
21. Rae1 Rxe2 22. Rxe2 Rc8 23. Bb4 h5 24. h3 Nd6 25. Bxd6 Kxd6 26. Re3 a5 27. b3 b5 28. Kd2 g5 29. g3 f5 30. f4 gxf4
31. gxf4 Rg8 32. Kd3 b4 33. axb4 axb4 34. Re5 Kc5 35. Rxf5 Rg3+ 36. Kd2 Rxh3 37. Rf8 Kd4 38. Rb8 Rh2+ 39. Kc1 h4 40. Kb2 h3
41. Rxb4+ Ke3 42. f5 d4 43. Rb8 d3 44. Re8+ Kf4 45. f6 Rxc2+ 46. Kb1 Rc7 47. f7 Rxf7 48. Rh8 Kg3 49. Kc1 Rf1+ 50. Kd2 Rf3
0-1

[Event "2006 Standard Chess Dropout Tournament, Round 1"]
[Site "SchemingMind.com"]
[Date "2005.11.21"]
[Round "1"]
[White "david gauci"]
[Black "dadshane2000"]
[Result "0-1"]
[WhiteCountry "MLT"]
[BlackCountry "USA"]
[WhiteElo "1103"]
[WhiteRD "154"]
[BlackElo "1854"]
[BlackRD "82"]
[GameID "30959"]

1. d4 Nf6 2. Bg5 Ne4 3. Bf4 c5 4. Qd3 Qb6 5. b3 d5 6. f3 c4 7. bxc4 Qb2 8. fxe4 Qxa1 9. Bxb8 Qxb1+ 10. Qd1 Qxd1+
11. Kxd1 Rxb8 12. cxd5 e6 13. dxe6 Bxe6 14. a4 Bc4 15. Nf3 Bb4 16. Nd2 Bxd2 17. Kxd2 b5 18. a5 b4 19. g3 b3 20. Bg2 b2
21. e5 O-O 22. Be4 b1=Q 23. Rxb1 Rxb1 24. h4 Re8
0-1

[Event "2006 Standard Chess Dropout Tournament, Round 1"]
[Site "SchemingMind.com"]
[Date "2005.11.21"]
[Round "1"]
[White "desmondw"]
[Black "Ilang"]
[Result "0-1"]
[WhiteCountry "IRL"]
[BlackCountry "HUN"]
[WhiteElo "1548"]
[WhiteRD "138"]
[BlackElo "2152"]
[BlackRD "99"]
[GameID "30960"]

1. e4 e5 2. Nf3 Nc6 3. Be2 Nf6 4. Nc3 Bb4 5. O-O O-O 6. d3 d5 7. exd5 Nxd5 8. Nxd5 Qxd5 9. Be3 Bf5 10. d4 exd4
11. Bxd4 Bxc2 12. Qxc2 Nxd4 13. Nxd4 Qxd4 14. Rfd1 Qb6 15. Rac1 Bd6 16. g3 Rad8 17. Bd3 g6 18. a3 Rfe8 19. Bc4 Be5 20. b4 Bd4
21. Qa2 Re7 22. Rd2 a5 23. bxa5 Qxa5 24. Rcd1 Qc5 25. Kf1 b5 26. Bb3 Qc6 27. Kg1 Qf3 28. Rf1 c5 29. Bd1 Qc6 30. Re2 Ra7
31. Rfe1 c4 32. Re4 Bc3 33. R1e3 Rxd1+ 34. Kg2 f5
0-1

[Event "2006 Standard Chess Dropout Tournament, Round 1"]
[Site "SchemingMind.com"]
[Date "2005.11.21"]
[Round "1"]
[White "dfan"]
[Black "gtolle"]
[Result "1-0"]
[WhiteCountry "USA"]
[BlackCountry "USA"]
[WhiteElo "1894"]
[WhiteRD "121"]
[BlackElo "1314"]
[BlackRD "90"]
[GameID "30961"]

1. c4 Nf6 2. g3 g6 3. Bg2 Bg7 4. Nc3 O-O 5. d3 c6 6. e4 Qa5 7. Ne2 Na6 8. O-O e6 9. Bd2 Qh5 10. f4 d5
11. e5 Nd7 12. Bc1 Nac5 13. d4 Ne4 14. Nxe4 dxe4 15. Bxe4 Nb6 16. Bf3 Qh3 17. Kh1 Nxc4 18. Ng1 Qxf1 19. Qxf1 b5 20. Bxc6 Rb8
21. b3 Na5 22. Bxb5 Bb7+ 23. Nf3 Rfc8 24. Bd3 Bd5 25. Kg1 Bf8 26. Bb2 Be7 27. Ng5 h6 28. Nf3 Bd8 29. Nd2 Bb6 30. h4 Nc6
31. Kh2 Nxd4 32. Bxd4 Bxd4 33. Rc1 Rd8 34. Ne4 f5 35. Nf6+ Kg7 36. Rc7+
1-0

[Event "2006 Standard Chess Dropout Tournament, Round 1"]
[Site "SchemingMind.com"]
[Date "2005.12.05"]
[Round "1"]
[White "diego"]
[Black "guiri1967"]
[Result "1-0"]
[WhiteCountry "ARG"]
[BlackCountry "BEL"]
[WhiteElo "1348"]
[WhiteRD "109"]
[BlackElo "1461"]
[BlackRD "92"]
[GameID "30962"]

1. e4 Nc6 2. d4 d6 3. Nf3 Bg4 4. Bb5 a6 5. Bxc6+ bxc6 6. O-O e6 7. c4 Bxf3 8. Qxf3 g6 9. e5 d5 10. b3 Bh6
11. Nc3 Bxc1 12. Raxc1 Nh6 13. Rfe1 Nf5 14. g3 Nxd4 15. Qf4 c5 16. cxd5 exd5 17. Qf6 Qxf6 18. exf6+ Ne6 19. Nxd5 O-O-O 20. Red1 Nd4
21. Rxc5 Ne6 22. Ne7+ Kb7 23. Rcc1 Nd4 24. Kg2 Ne2 25. Nc6 Rxd1 26. Na5+ Kb6 27. Nc4+ Kb5 28. Rxd1 Nc3 29. Rd7 Kc6 30. Rxf7 Nxa2
31. Re7 Rf8 32. f7 Nc1 33. Ne5+ Kb5 34. Re8 Rxf7 35. Rb8+ Kc5 36. b4+
1-0

[Event "2006 Standard Chess Dropout Tournament, Round 1"]
[Site "SchemingMind.com"]
[Date "2005.11.21"]
[Round "1"]
[White "eHowitzer"]
[Black "Erhaem"]
[Result "1/2-1/2"]
[WhiteCountry "CAN"]
[BlackCountry "NED"]
[WhiteElo "2021"]
[WhiteRD "87"]
[BlackElo "1943"]
[BlackRD "69"]
[GameID "30964"]

1. e4 e5 2. Nc3 Nf6 3. f4 d5 4. fxe5 Nxe4 5. Nf3 Be7 6. Qe2 Nxc3 7. dxc3 O-O 8. Bf4 c5 9. O-O-O Qa5 10. a3 Be6
11. g3 Nc6 12. Bg2 Qc7 13. Ng5 Bxg5 14. Bxg5 d4 15. cxd4 Nxd4=
1/2-1/2

[Event "2006 Standard Chess Dropout Tournament, Round 1"]
[Site "SchemingMind.com"]
[Date "2005.11.21"]
[Round "1"]
[White "Erhaem"]
[Black "ilardi"]
[Result "1-0"]
[WhiteCountry "NED"]
[BlackCountry "USA"]
[WhiteElo "1943"]
[WhiteRD "69"]
[BlackElo "1433"]
[BlackRD "220"]
[GameID "30965"]

1. d4 g6 2. Nf3 Bg7 3. c4 d6 4. Nc3 Nf6 5. e4 O-O 6. Be2 b6 7. O-O Bb7 8. d5 Nbd7 9. Be3 e6 10. Qc2 c5
11. dxe6 fxe6 12. Rad1 Qe7 13. Bg5 h6 14. Bh4 a6 15. e5 dxe5 16. Qxg6 Qf7 17. Qc2 e4 18. Nd2 Ne5 19. Bxf6 Bxf6 20. Ndxe4 Qg6
21. f4 Nd7 22. Rxd7 Rf7 23. Bh5 Qh7 24. Nxf6+
1-0

[Event "2006 Standard Chess Dropout Tournament, Round 1"]
[Site "SchemingMind.com"]
[Date "2005.11.21"]
[Round "1"]
[White "fer_even"]
[Black "hph46"]
[Result "1-0"]
[WhiteCountry "ARG"]
[BlackCountry "GER"]
[WhiteElo "2183"]
[WhiteRD "82"]
[BlackElo "1485"]
[BlackRD "337"]
[GameID "30966"]

1. d4 d5 2. c4 e6 3. Nc3 c6 4. e4 dxe4 5. Nxe4 Bb4+ 6. Bd2 Qxd4 7. Bxb4 Qxe4+ 8. Be2 Na6 9. Bd6 Nh6 10. Nf3 e5
11. O-O Bg4 12. c5 Bxf3 13. Bxf3 Qb4 14. a3 Qh4 15. Qe2 f6 16. Bxc6+ bxc6 17. Qxa6 Kf7 18. Qxc6 Qf4 19. Qd5+ Kg6 20. b4 Rhe8
21. Rae1 Ng4 22. g3 Qd4 23. Qxd4 exd4 24. Rd1 Ne5 25. a4 d3 26. f4 Nc4 27. Rxd3 Nb2 28. f5+ Kf7 29. Rdf3 Rac8 30. Rf4 Nd3
31. Rd4 Ne1 32. Rff4 Re2 33. b5 Rce8 34. c6 Nc2 35. Rd1 Ne3 36. Rc1 Ng2 37. Rf2 Re1+ 38. Rxe1 Nxe1 39. c7 Rc8 40. a5 Ke8
41. b6 axb6 42. axb6
1-0

[Event "2006 Standard Chess Dropout Tournament, Round 1"]
[Site "SchemingMind.com"]
[Date "2005.11.21"]
[Round "1"]
[White "flamingarrow"]
[Black "CWM"]
[Result "0-1"]
[WhiteCountry "GBR"]
[BlackCountry "CAN"]
[WhiteElo "1745"]
[WhiteRD "77"]
[BlackElo "1812"]
[BlackRD "76"]
[GameID "30967"]

1. e4 c5 2. Nf3 d6 3. d4 cxd4 4. Nxd4 Nf6 5. Nc3 a6 6. Be2 e5 7. Nb3 Be6 8. Bg5 Be7 9. Bxf6 Bxf6 10. O-O O-O
11. Nd5 Nd7 12. Qd3 Nc5 13. Nxc5 dxc5 14. c4 Rc8 15. Rad1 Rc6 16. Qb3 Bxd5 17. Rxd5 Qc7 18. Rfd1 Rd8 19. g3 Rcd6 20. Qd3 Be7
21. Bh5 Rxd5 22. exd5 Bd6 23. Re1 g6 24. Bf3 f5 25. Bd1 Qa5 26. Re2 Qxa2 27. b4 Qa1 28. bxc5 Bxc5 29. Rxe5 Qxe5 30. Bf3 b6
31. h4 Qxg3+
0-1

[Event "2006 Standard Chess Dropout Tournament, Round 1"]
[Site "SchemingMind.com"]
[Date "2005.11.21"]
[Round "1"]
[White "Gambit13"]
[Black "inexorable"]
[Result "1/2-1/2"]
[WhiteCountry "USA"]
[BlackCountry "USA"]
[WhiteElo "1950"]
[WhiteRD "131"]
[BlackElo "2026"]
[BlackRD "108"]
[GameID "30968"]

1. e4 e5 2. Nf3 Nc6 3. Bb5 Nf6 4. O-O Bc5 5. c3 O-O 6. d4 Bb6 7. Bg5 h6 8. Bh4 d6 9. a4 a5 10. Re1 exd4
11. Bxc6 bxc6 12. Nxd4 Re8 13. Nd2 c5 14. Nf5 Bxf5 15. exf5 Rxe1+ 16. Qxe1 d5 17. Rd1 Qd6 18. Nc4 Qf4 19. Nxb6 Re8 20. Qf1 cxb6
21. Bxf6 gxf6 22. Rxd5 Qxa4 23. Qc1 Qc2 24. Rd1 Re2 25. Qxc2 Rxc2 26. Rb1 a4 27. Kf1 b5 28. h4 b4 29. cxb4 cxb4 30. g3 Kf8
31. Kg2 a3 32. bxa3 bxa3 33. Rb7 a2 34. Ra7 Ke8 35. Kf3 Kd8 36. Ke3 Kc8 37. f4 Kb8 38. Ra4 Kb7 39. Kf3 h5 40. g4 Rc3+
41. Kg2 Rc2+= 42. Kg3 Rc3+ 43. Kg2 Rc2+ 44. Kg3 Rc3+ 45. Kg2
1/2-1/2

[Event "2006 Standard Chess Dropout Tournament, Round 1"]
[Site "SchemingMind.com"]
[Date "2005.11.21"]
[Round "1"]
[White "Gambiteer"]
[Black "greggglen"]
[Result "1-0"]
[WhiteCountry "ENG"]
[BlackCountry "USA"]
[WhiteElo "1871"]
[WhiteRD "70"]
[BlackElo "1203"]
[BlackRD "117"]
[GameID "30969"]

1. d4 d5 2. c4 Nf6 3. cxd5 Nxd5 4. e4 Nf6 5. Nc3 Bg4 6. f3 Bh5 7. Be3 e6 8. Bd3 Bb4 9. Ne2 Nc6 10. Qa4 Bg6
11. O-O O-O 12. Bb5 Be7 13. Bxc6 bxc6 14. Qxc6 Rb8 15. b3 Rb6 16. Qa4 a6 17. d5 Bb4 18. Bxb6 Bxc3 19. Nxc3 cxb6 20. Qxa6 e5
21. Rac1 Nd7 22. Na4 Qb8 23. Rc6 b5 24. Nc5 Nxc5 25. Rxc5 b4 26. Rfc1 h6 27. Rc8 Kh7 28. Rxb8 Rxb8 29. Qd6 Rb5 30. Qxe5 f6
31. Qc7 Kg8 32. Rc5 Rxc5 33. Qxc5
1-0

[Event "2006 Standard Chess Dropout Tournament, Round 1"]
[Site "SchemingMind.com"]
[Date "2005.11.21"]
[Round "1"]
[White "Gary"]
[Black "CuriousShadow"]
[Result "0-1"]
[WhiteCountry "ENG"]
[BlackCountry "USA"]
[WhiteElo "1523"]
[WhiteRD "64"]
[BlackElo "1814"]
[BlackRD "230"]
[GameID "30970"]

1. e4 c5 2. Nf3 Nc6 3. d4 cxd4 4. Nxd4 Nf6 5. Nc3 e6 6. Be3 Bb4 7. f3 d5 8. Nxc6 bxc6 9. Qd2 O-O 10. a3 Qa5
11. Bd3 Ba6 12. O-O Bxc3 13. bxc3 dxe4 14. fxe4 Rfd8 15. e5 Ng4 16. Bf4 Nxe5 17. Bxe5 Bxd3 18. cxd3 Qxe5
0-1

[Event "2006 Standard Chess Dropout Tournament, Round 1"]
[Site "SchemingMind.com"]
[Date "2005.11.21"]
[Round "1"]
[White "Gordon"]
[Black "gz4bkn"]
[Result "1-0"]
[WhiteCountry "ENG"]
[BlackCountry "USA"]
[WhiteElo "2243"]
[WhiteRD "65"]
[BlackElo "1088"]
[BlackRD "190"]
[GameID "30971"]

1. e4 e5 2. Nf3 Nc6 3. Bb5 a6 4. Bxc6 bxc6 5. O-O Nf6 6. Nxe5 Bc5 7. d4 Ba7 8. Nc3 Bb7 9. Bg5 c5 10. Nd5 Bxd5
11. exd5 cxd4 12. Re1 O-O 13. Ng4 c6 14. Qf3 Rb8 15. Nxf6+ gxf6 16. Bxf6 Qxf6 17. Qxf6 c5 18. Re4 h5 19. Qg5+ Kh7 20. Qxh5+ Kg7
21. Rg4+ Kf6 22. Qg5#
1-0

[Event "2006 Standard Chess Dropout Tournament, Round 1"]
[Site "SchemingMind.com"]
[Date "2005.11.21"]
[Round "1"]
[White "Grazic66"]
[Black "damien22"]
[Result "1-0"]
[WhiteCountry "ITA"]
[BlackCountry "FRA"]
[WhiteElo "1735"]
[WhiteRD "106"]
[BlackElo "1254"]
[BlackRD "107"]
[GameID "30972"]

1. e4 e5 2. Nc3 Bc5 3. Bc4 Qf6 4. Nf3 Nh6 5. Nd5 Qd6 6. d4 exd4 7. e5 Qg6 8. Nxc7+ Ke7 9. Nxa8 d3 10. Qxd3 Qxg2
11. Rf1 Ng4 12. Qd5 Rf8 13. Qxc5+ d6 14. Qxd6+ Ke8 15. Nc7#
1-0

[Event "2006 Standard Chess Dropout Tournament, Round 1"]
[Site "SchemingMind.com"]
[Date "2005.11.22"]
[Round "1"]
[White "greggglen"]
[Black "Danzino"]
[Result "0-1"]
[WhiteCountry "USA"]
[BlackCountry "GBR"]
[WhiteElo "1201"]
[WhiteRD "121"]
[BlackElo "1820"]
[BlackRD "108"]
[GameID "30973"]

1. e4 c5 2. Nf3 d6 3. d4 cxd4 4. Nxd4 Nf6 5. Nc3 a6 6. Bd3 e5 7. Nf3 Be7 8. Bc4 O-O 9. Ng5 Qc7 10. Bxf7+ Rxf7
11. Nxf7 Kxf7 12. Nd5 Nxd5 13. exd5 Bf5 14. Qh5+ Bg6 15. Qf3+ Kg8 16. c3 Qc4 17. b3 Qe4+ 18. Qxe4 Bxe4 19. c4 Bxg2 20. Rg1 Be4
21. Be3 Nd7 22. O-O-O b5 23. Bh6 Bg6 24. Be3 bxc4 25. bxc4 Rc8 26. Kb2 Rxc4 27. Kb3 Rc7 28. Kb2 Nf6 29. Bg5 Rc2+ 30. Kb3 Rxf2
31. Rh1 Bc2+ 32. Ka3 Bxd1 33. Rxd1 Rxh2 34. Rd3 h6 35. Bc1 Kf7 36. Bd2 g5 37. Bb4 e4 38. Re3 Kg6 39. Be1 Kf5 40. Rb3 Nxd5
41. Bg3 Rh3 42. Ka4 h5 43. Ka5 h4 44. Kxa6 Rxg3 45. Rb5 Ke5 46. Rb7 h3 47. Rb1 Ra3+ 48. Kb7 Rxa2 49. Kc6 h2 50. Kb5 Nc3+
0-1

[Event "2006 Standard Chess Dropout Tournament, Round 1"]
[Site "SchemingMind.com"]
[Date "2005.11.24"]
[Round "1"]
[White "gtolle"]
[Black "cnbcad"]
[Result "0-1"]
[WhiteCountry "USA"]
[BlackCountry "USA"]
[WhiteElo "1276"]
[WhiteRD "84"]
[BlackElo "1473"]
[BlackRD "53"]
[GameID "30975"]

1. e4 e5 2. d4 exd4 3. Qxd4 Nc6 4. Qe3 Nf6 5. Nc3 Bb4 6. Bd2 O-O 7. O-O-O Re8 8. Bd3 d5 9. Qf3 Bxc3 10. Bxc3 Bg4
11. Bxf6 Qd7 12. Qg3 dxe4 13. Be2 Qe6 14. Bc3 Qxa2 15. Qxg4 Ne5 16. b3 Nxg4 17. Bxg4 Red8 18. Nh3 Re8 19. Rd4 Qa3+ 20. Bb2 Qc5
21. Rhd1 h6 22. Nf4 Qg5
0-1

[Event "2006 Standard Chess Dropout Tournament, Round 1"]
[Site "SchemingMind.com"]
[Date "2005.11.28"]
[Round "1"]
[White "guiri1967"]
[Black "Gambit13"]
[Result "0-1"]
[WhiteCountry "BEL"]
[BlackCountry "USA"]
[WhiteElo "1461"]
[WhiteRD "92"]
[BlackElo "1950"]
[BlackRD "131"]
[GameID "30976"]

1. e4 c6 2. Nc3 d5 3. d4 dxe4 4. Nxe4 Bf5 5. Ng3 Bg6 6. Bc4 e6 7. N1e2 Bd6 8. h4 h6 9. h5 Bh7 10. Bf4 Qc7
11. Bxd6 Qxd6 12. O-O Nf6 13. f3 Nbd7 14. Bd3 Bxd3 15. Qxd3 O-O 16. Ne4 Qd5 17. Nxf6+ Nxf6 18. g4 Qg5 19. Ng3 Qh4 20. Kg2 Nd5
21. Qe4 Qe7 22. a3 Qd6 23. Ne2 Rae8 24. c4 f5 25. Qe5 Qxe5 26. dxe5 Ne3+ 27. Kg1 Nxf1 28. Kxf1 fxg4 29. f4 Rd8 30. Nc3 Rxf4+
0-1

[Event "2006 Standard Chess Dropout Tournament, Round 1"]
[Site "SchemingMind.com"]
[Date "2005.11.21"]
[Round "1"]
[White "gz4bkn"]
[Black "dfan"]
[Result "0-1"]
[WhiteCountry "USA"]
[BlackCountry "USA"]
[WhiteElo "1385"]
[WhiteRD "145"]
[BlackElo "1880"]
[BlackRD "113"]
[GameID "30977"]

1. e4 Nf6 2. e5 Nd5 3. Bc4 Nb6 4. Qg4 Nxc4 5. Qxc4 Nc6 6. Nf3 d5 7. exd6 cxd6 8. d3 d5 9. Qc3 e5 10. O-O Bb4
11. Qb3 O-O 12. c3 Be7 13. Re1 Qd6 14. Be3 Kh8 15. d4 e4 16. Ne5 Nxe5 17. dxe5 Qxe5 18. Bd4 Qe6 19. Nd2 b6 20. f3 f5
21. c4 Bb7 22. Qc3 Bf6 23. b4 Rac8 24. c5 f4 25. a4 Bxd4+ 26. Qxd4 bxc5 27. bxc5 e3 28. Nb3 Kg8 29. Qb4 Rb8 30. Nd4 Qe5
31. Rac1 Bc8 32. Nc6 Rxb4 33. Nxe5 Rxa4 34. g3 g5 35. Ra1 Rxa1 36. Rxa1 Bh3 37. g4 h5 38. Rxa7 hxg4 39. Nxg4 Bxg4 40. fxg4 Rc8
41. Ra5 Kf7 42. Kf1 Rc6 43. Ke2 Ke6 44. Kf3 d4 45. Ke4 e2 46. Ra1 Rxc5 47. Kxd4 Rd5+ 48. Ke4 Re5+ 49. Kf3 e1=Q 50. Rxe1 Rxe1
51. h3 Re3+ 52. Kf2 Rxh3 53. Ke2 Kd5 54. Kf2 Ke4 55. Ke2 Rh2+ 56. Ke1 Kf3 57. Kf1 Rh1#
0-1

[Event "2006 Standard Chess Dropout Tournament, Round 1"]
[Site "SchemingMind.com"]
[Date "2005.11.21"]
[Round "1"]
[White "Harold"]
[Black "CunningBill"]
[Result "1-0"]
[WhiteCountry "GBR"]
[BlackCountry "USA"]
[WhiteElo "1514"]
[WhiteRD "87"]
[BlackElo "1483"]
[BlackRD "77"]
[GameID "30978"]

1. e4 e5 2. Nf3 Nc6 3. Bb5 Nf6 4. O-O Nxe4 5. Re1 d5 6. d3 Nd6 7. Nxe5 Be6 8. Nxc6 Qd7 9. Nxa7 Nxb5 10. Nxb5 Qxb5
11. Qh5 g6 12. Qe5 Rg8 13. Qxc7 Rc8 14. Qxc8+ Ke7 15. Nc3 Qa5 16. Qxb7+ Kf6 17. Bd2 Qc5 18. Qb8 Kg7 19. Qe5+
1-0